Ils ont rempli le Stade de France - Statistiques

Statistiques générales
  • Ce quiz a été pris 217 fois
  • Le résultat moyen est 10 sur 51
Statistiques - réponses
Nationalité Artiste / Groupe Nbr de concerts Dates % Correct
FR Ninho 1 2025
64%
FR Johnny Hallyday 9 3 en 1998 / 3 en 2009/ 3 en2012
59%
Barbade Rihanna 2 2013 / 2016
59%
CAN Céline Dion 2 2 en 1999
48%
UK Coldplay 8 2012 / 3 en 2017 / 4 en 2022
48%
FR / Algérie DJ Snake 1 2025
47%
Corée du sud BTS 2 2019
46%
FR / CAN Mylene Farmer 5 2 en 2009 / 3 en 2024
45%
Irlande U2 7 2 en 2005 / 2 en 2009 / 2010 / 2 en 2017
44%
FR Indochine 4 2010 / 2 en 2014 / 2022
42%
Congo / FR Gims 1 2019
39%
FR Booba 1 2022
34%
Corée du sud Blackpink 1 2023
33%
US Lady Gaga 2 2012 / 2022
33%
AUS / UK AC / DC 4 2001 / 2009 / 2010 / 2015
32%
UK The Rolling Stones 5 1998 / 2003 / 2006 / 2007/ 2014
32%
CAN The Weeknd 2 2 en 2023
28%
FR David Guetta 1 2009
27%
US Madonna 3 2 en 2008 / 2012
26%
FR Soprano 1 2023
26%
UK Ed Sheeran 4 2 en 2018 / 2 en 2022
21%
UK / Irlande One Direction 2 2 en 2014
21%
US Beyoncé et Jay Z 4 2 en 2014 / 2 en 2018
19%
US Eminem 1 2013
18%
UK George Michael 1 2007
18%
US Metallica 4 2012 / 2019 / 2 en 2023
17%
UK Muse 7 2 en 2010 / 2 en 2013 / 2 en 2019 / 2023
17%
UK Harry Styles 2 2 en 2023
16%
ALL Rammstein 1 2023
13%
US Bruno Mars 1 2018
10%
FR Cathy Guetta 1 2008
7%
US Black Eyed Peas 3 3 en 2011
6%
US Prince 1 2011
6%
UK Paul Mc Cartney 2 2004 / 2015
5%
US Bruce Springsteen 2 2003 / 2013
4%
UK Depeche Mode 4 2009 / 2013 / 2017 / 2023
4%
US Justin Timberlake 1 2014
4%
US Red Hot Chili Peppers 3 2012 / 2 en 2022
4%
US Tina Turner 1 2000
4%
UK The Police 2 2 en 2007
3%
FR Yannick Noah 1 2010
3%
US Guns N' Roses 1 2017
2%
FR Les Insus ? 2 2017
2%
FR Stars 80 2 2015 / 2019
2%
Pays-Bas André Rieu 1 2008
1%
FR Kassav 1 2009
1%
IT Rockin 1000 2 2019 / 2022
1%
UK Roger Waters 1 2013
1%
FR Urban Peace 3 2002 / 2008 / 2013
1%
FR Nuit Celtique 1 2003
0%
FR RFM Party 80 1 2008
0%
Aucun quiz correspondant
Distribution des résultats
% des personnes avec chaque résultat
Percentile par nombre de réponses
Votre historique - résultats
Vous n’avez pas pris ce quiz